| 000 | 00381cam a22001217a 4500 | ||
|---|---|---|---|
| 008 | 180718b1978 xxu||||| |||| 00| 0 eng d | ||
| 082 | _aB136 C355ru | ||
| 100 | _aChambers, Robert | ||
| 245 |
_aRural poverty-oriented monitoring and evaluation: simple is optimal _cby Robert Chambers |
||
| 260 |
_aSussex _bUniversity of Sussex _c1978 |
||
| 300 | _a23p. | ||
| 650 | _aRural Development. | ||
| 999 |
_c476453 _d476453 |
||